Eternity by Alex Warenn-lyrics - Statistics

General Stats
  • This quiz has been taken 9 times
  • The average score is 210 of 273
Answer Stats
Answer % Correct
a
100%
i
100%
it
100%
it's
100%
oh
100%
the
100%
to
100%
an
86%
be
86%
eternity
86%
feels
86%
go
86%
hear
86%
here
86%
in
86%
like
86%
me
86%
of
86%
paradise
86%
side
86%
with
86%
you
86%
and
71%
as
71%
been
71%
but
71%
call
71%
can't
71%
chase
71%
clock
71%
don't
71%
endless
71%
goodbye
71%
had
71%
have
71%
hell
71%
home
71%
how
71%
know
71%
learn
71%
life
71%
light
71%
long
71%
night
71%
on
71%
only
71%
other
71%
sacrifice
71%
since
71%
sky
71%
someone
71%
somewhere
71%
starless
71%
that
71%
this
71%
walk
71%
what
71%
why'd
71%
wouldn't
71%
alone
57%
break
57%
breath
57%
cry
57%
drop
57%
every
57%
has
57%
is
57%
tears
57%
ticking
57%
wall
57%
waterfall
57%
world
57%
another
43%
back
43%
could've
43%
cut
43%
glimpse
43%
losing
43%
riptide
43%
rubbing
43%
salt
43%
sleep
43%
track
43%
up
43%
waking
43%
wilderness
43%
dream
29%
falling
29%
never
29%
was
29%
way
29%
somwhere
0%
No matching quizzes found
Score Distribution
Percent of People with Each Score
Percentile by Number Answered
Your Score History
You have not taken this quiz